Statistics for Greatest Soccer Players of All Time

Click here to take the quiz!

General Stats

  • This quiz has been taken 149 times
  • The average score is 19 of 36

Answer Stats

Answer% Correct
Brazil/Real Madrid/StrikerRonaldo
98%
Portugal/Real Madrid/LwRonaldo
98%
Argentina/Barcelona/StrikerMessi
96%
Brazil/Santos Fc/CFPele
95%
Brazil/PSG/LWNeymar
89%
Spain/Barcelona/CMXavi
84%
France/Real Madrid/CAMZinedine Zidane
82%
Italy/Juventus/GKGianluigi Buffon
81%
Brazil/Barcelona/CAMRonaldinho
80%
Italy/A.C Milan/CBPaolo Maldini
77%
Brazil/Real Madrid/ LBRoberto Carlos
73%
England/Real Madrid/CMDavid Beckham
69%
Northern Ireland/ Man U/RWGeorge Best
66%
Netherlands/Ajax/Midfielder,FowardJohan Cruyff
62%
France/Arsenal/LWThierry Henry
60%
England/Liverpool/CMSteven Gerrard
59%
Netherlands/ Man U/ GkEdwin van der Sar
52%
Portugal/Real Madrid/RwLuis Figo
46%
Sweden/Manchester United/PSG/StrikerZlatan Ibrahimovic
45%
Netherlands/Ajax/StrikerMarco van Basten
41%
Netherlands/Arsenal/StrikerDennis Bergkamp
40%
Wales/Manchester United/LMRyan Giggs
40%
Argentina/Barcelona/CAMDiego Maradona
35%
Brazil/Real Madrid/CAMKaka
35%
Denmark/Manchester United/GKPeter Schmiechiel
35%
Spain/Barcelona/CMAndrés Iniesta
33%
Germany/Bayern/MidfielderGerd Muller
32%
Italy/Chelsea/CAMGiafranco Zola
32%
Liberdad/A.C Milan/StrikerGeorge Weah
31%
Netherlands/ Chelsea/ MidfielderRuud Gullit
31%
England/Aston Villa/Striker/All time GOAT Player/Emile....Emile Heskey
28%
Brazil/Cr Vasco De Gama/ StrikerRomario
23%
Denmark/Wolfsburg/Striker/Known as the LordNicklas Bendtner
22%
England/Wembley F.C/GKDavid Seaman
21%
Netherlands/ Man U/ StrikerRuud van Nistelrooy
19%
England/ some crap team/ striker/know as the strongest player in FIFAAdebayo Akinafremwa
0%

Score Distribution

Percentile by Number Answered

Percent of People with Each Score

Your Score History

You have not taken this quiz